Music Acts - M - Statistics

General Stats
  • This quiz has been taken 41 times
  • The average score is 8 of 15
Answer Stats
Hint Answer % Correct
Visions of Love, All I Want For Christmas Is Love, My All Mariah Carey
90%
She's Out Of My Life, Smooth Criminal, Ben Michael Jackson
90%
Last Train To Clarksville, Alternate Title, Daydream Believer Monkees
87%
Ace Of Spades, Bomber, Iron Fist Motorhead
67%
Lollipop, We Are Golden, Grace Kelly Mika
59%
Take A Bow, Dress You Up, Hung Up Madonna
56%
Nowhere Fast, Two Out Of Three Ain't Bad, Not A Dry Eye In The House Meat Loaf
54%
5-4-3-2-1, Pretty Flamingo, Sha La La Manfred Mann
44%
Welcome To The Black Parade, Famous Last Words, Teenagers My Chemical Romance
44%
A Design For Life, Empty Souls, If You Tolerate This Your Children Will Be Next Manic Street Preachers
36%
Lavender, Kayleigh, You're Gone Marillion
33%
L'L'Lucy, Moonshine Sally, Tiger Feet Mud
33%
Embarrassment, Wings Of A Dove, Michael Caine Madness
26%
As Tears Go By, The Ballad of Lucy Jordan, This Little Bird Marianne Faithfull
26%
Ruby Tuesday, Brand New Key, Will You Love Me Tomorrow Melanie
26%
No matching quizzes found
Score Distribution
Percent of People with Each Score
Percentile by Number Answered
Your Score History
You have not taken this quiz